الجمع بين الصحيحين على ترتيب جامع الأصول (رقم التسجيلة. 20643)

تفاصيل مارك
000 -الفاتح
حقل البيانات ثابتة الطول 00926nam a22002297a 4500
003 - محدد رقم الضبط
رقم الضبط OSt
005 - وقت وتاريخ اخر تعامل مع التسجيلة
رقم الضبط 20150408114006.0
008 - عناصر البيانات ثابتة الطول - معلومات عامة
حقل البيانات ثابتة الطول 120115t xxu||||| |||| 00| 0 eng d
020 ## - الرقم الدولى المعيارى للكتب
الرقم الدولى المعيارى للكتاب 9960804836
040 ## - مصدر الفهرسة
وكالة الفهرسة الأصلية MU
لغة الفهرسة ARA
وكالة النسخ MB
082 ## - رقم تصنيف ديوى العشرى
رقم الطبعة 21
رقم التصنيف 235
100 ## - المدخل الرئيسى - إسم شخصى
الإسم الشخصى الموصلي، عمر بن بدر بن سعيد،
التواريخ المصاحبة للاسم 557-622 هـ.
9 (RLIN) 9363
245 ## - بيان العنوان
العنوان الجمع بين الصحيحين على ترتيب جامع الأصول
بيان المسئوليه,etc لضياء الدين عمر بن بدر الموصلي ؛ تحقيق علي حسين البواب
250 ## - بيان الطبعة
بيان الطبعة ط. 1
260 ## - PUBLICATION, DISTRIBUTION, ETC. (IMPRINT)
مكان الناشر او الموزع الرياض
اسم الناشر او الموزع مكتبة المعارف
تاريخ النشر أو التوزيع 1998
300 ## - الوصف المادى
التعداد 2 مج.(550، 536 ص.)
أبعاد الوعاء 24 سم
600 ## - المدخل الاضافى بالموضوع-اسم شخصى
الإسم الشخصى الإمام مسلم، مسلم بن الحجاج بن مسلم،
التواريخ المصاحبة للاسم 204-261 هـ.
650 ## - المدخل الاضافى بالموضوع-مصطلح موضوعى
مصطلح موضوعي أو اسم جغرافي كعنصر مدخل الحديث
التقسيم الفرعي العام اسناد صحيح
700 ## - المدخل الاضافى - اسم شخصى
الإسم الشخصى البواب، علي حسين
الدور محقق
9 (RLIN) 1661
740 ## - المدخل الاضافى - عنوان مرتبط/تحليلى غير مقيد
العنوان التحليلي/ الرابط غير مقيد جامع الاصول
942 ## - عناصر المدخل الإضافي( كوها)
مصدر التصنيف او مخطط الترفيف Dewey Decimal Classification
Koha [default] item type كتاب
المقتنيات
حالة الفقد نموذج السعر الفعال حالة تلف ليس للاعارة رقم الطلب تاريخ الاكتساب الموقع الحالي الباركود الفرع الرئيسي Date last seen نوع المادة فى نظام كوها مصدر التصنيف او خطة الترفيف Total Checkouts
  2013-03-10     235 مج1 م ع ج 2012-01-15 مكتبة كلية العلوم و الدراسات الإنسانية برماح - طلاب (SRM) 00078218 مكتبة كلية العلوم و الدراسات الإنسانية برماح - طلاب (SRM) 2013-03-10 كتاب Dewey Decimal Classification  
  2013-03-10     235 مج1 م ع ج 2012-01-15 مكتبة كلية العلوم و الدراسات الإنسانية برماح - طلاب (SRM) 00078221 مكتبة كلية العلوم و الدراسات الإنسانية برماح - طلاب (SRM) 2013-03-10 كتاب Dewey Decimal Classification  
  2013-03-10     235 مج1 م ع ج 2012-01-15 مكتبة كلية العلوم و الدراسات الإنسانية برماح - طلاب (SRM) 00078216 مكتبة كلية العلوم و الدراسات الإنسانية برماح - طلاب (SRM) 2013-03-10 كتاب Dewey Decimal Classification  
  2013-03-10     235 مج1 م ع ج 2012-01-15 مكتبة كلية العلوم و الدراسات الإنسانية برماح - طلاب (SRM) 00078225 مكتبة كلية العلوم و الدراسات الإنسانية برماح - طلاب (SRM) 2013-03-10 كتاب Dewey Decimal Classification  
  2013-03-10     235 مج1 م ع ج 2012-01-15 مكتبة كلية العلوم و الدراسات الإنسانية برماح - طلاب (SRM) 00078224 مكتبة كلية العلوم و الدراسات الإنسانية برماح - طلاب (SRM) 2013-03-10 كتاب Dewey Decimal Classification  
  2013-03-10     235 مج2 م ع ج 2012-01-15 مكتبة كلية العلوم و الدراسات الإنسانية برماح - طلاب (SRM) 00078217 مكتبة كلية العلوم و الدراسات الإنسانية برماح - طلاب (SRM) 2013-03-10 كتاب Dewey Decimal Classification  
  2013-03-10     235 مج2 م ع ج 2012-01-15 مكتبة كلية العلوم و الدراسات الإنسانية برماح - طلاب (SRM) 00078220 مكتبة كلية العلوم و الدراسات الإنسانية برماح - طلاب (SRM) 2013-03-10 كتاب Dewey Decimal Classification  
  2013-03-10     235 مج2 م ع ج 2012-01-15 مكتبة كلية العلوم و الدراسات الإنسانية برماح - طلاب (SRM) 00078219 مكتبة كلية العلوم و الدراسات الإنسانية برماح - طلاب (SRM) 2013-03-10 كتاب Dewey Decimal Classification  
  2013-03-10     235 مج2 م ع ج 2012-01-15 مكتبة كلية العلوم و الدراسات الإنسانية برماح - طلاب (SRM) 00078223 مكتبة كلية العلوم و الدراسات الإنسانية برماح - طلاب (SRM) 2013-03-10 كتاب Dewey Decimal Classification  
  2013-03-10     235 مج2 م ع ج 2012-01-15 مكتبة كلية العلوم و الدراسات الإنسانية برماح - طلاب (SRM) 00078222 مكتبة كلية العلوم و الدراسات الإنسانية برماح - طلاب (SRM) 2013-03-10 كتاب Dewey Decimal Classification  
  2013-03-10     235مج2 م ع ج 2012-02-19 مكتبة كلية العلوم و الدراسات الإنسانية برماح - طلاب (SRM) 00078892 مكتبة كلية العلوم و الدراسات الإنسانية برماح - طلاب (SRM) 2013-03-10 كتاب Dewey Decimal Classification  
  2013-03-10     235مج1 م ع ج 2012-02-19 مكتبة كلية العلوم و الدراسات الإنسانية برماح - طلاب (SRM) 00078891 مكتبة كلية العلوم و الدراسات الإنسانية برماح - طلاب (SRM) 2013-03-10 كتاب Dewey Decimal Classification